| 000 | 00695nam a22002417a 4500 | ||
|---|---|---|---|
| 003 | IT-MiCISF | ||
| 005 | 20240430114616.0 | ||
| 008 | 240430b |||||||| |||| 00| 0 eng d | ||
| 022 | _a0039-2901 | ||
| 040 | _cIT-MiCISF | ||
| 041 | _ait | ||
| 100 |
_aZuppi Matteo Maria (et al.) _960696 |
||
| 245 | _aAccoglienza e integrazione: dalle parole ai fatti | ||
| 250 | _a"Studi cattolici", n. 756, febbraio | ||
| 260 | _c2024 | ||
| 300 | _app. 6-15 | ||
| 310 | _amensile | ||
| 500 | _asocietà -multiculturale, famiglia-migranti, integrazione, diritto | ||
| 650 | _aSocietà | ||
| 654 | _adossier | ||
| 700 |
_aAbodi A., Cartabia M., Bertole L., Bortoli F. _960697 |
||
| 942 |
_2ddc _cCR |
||
| 999 |
_c360064 _d360066 |
||